000 01056pam a2200277 a 4500
999 _c3636
_d3636
001 4946633
003 OSt
005 20191022145733.0
008 961031s1997 enka b 001 0 eng
010 _a 96048892
020 _a0198517955 (hbk.)
040 _aDLC
_cDLC
_dDLC
050 0 0 _aQC395.2
_b.A33 1997
082 0 0 _a535
_221
_bAKH 1997
100 1 _aAkhmanov, S. A.; Nikitin, S. Yu.
_95150
245 1 0 _aPhysical Optics
260 _bOxford University Press,
_c1997.
300 _axiii, 488 p. :
_bill. ;
_c25 cm.
504 _aIncludes bibliographical references and index.
650 0 _aPhysical optics.
_98095
856 4 2 _3Publisher description
_uhttp://www.loc.gov/catdir/enhancements/fy0604/96048892-d.html
856 4 1 _3Table of contents only
_uhttp://www.loc.gov/catdir/enhancements/fy0604/96048892-t.html
906 _a7
_bcbc
_corignew
_d1
_eocip
_f19
_gy-gencatlg
942 _2ddc
_cSLOAN